| 000 | 00886 a2200217 4500 | ||
|---|---|---|---|
| 999 |
_c1845 _d1845 |
||
| 020 | _a0415930375 | ||
| 020 | _a0415930367 (pbk.) | ||
| 050 | 0 | 0 | _aLB 43 BEA 2003 |
| 100 |
_aBeauchamp, Edward R. _eEditor |
||
| 245 | 0 | 0 |
_aComparative education reader / _cedited by Edward R. Beauchamp. |
| 264 |
_aNew York: _bRouledge Flmer, _c2003 |
||
| 300 |
_axii, 452p. : _bill. |
||
| 440 | 0 | _aReference books in international education | |
| 500 | _aIncludes bibliographical references and index. | ||
| 504 | _aIncludes bibliographical references and index. | ||
| 650 | 0 | _aComparative education. | |
| 650 | 0 | _aEducation | |
| 856 | 4 | 2 |
_3Publisher description _uhttp://www.loc.gov/catdir/enhancements/fy0651/2002069654-d.html |
| 942 |
_2lcc _cBK _hLB 43 _iBEA _k2003 |
||